Loading...

നമ്പൂതിരി ഭാഷാനിഘണ്ടു /

Bibliografiske detaljer
Hovedforfatter: വിഷ്ണുനമ്പൂതിരി, എം. വി
Andre forfattere: Vishnunamboothir, M. V.
Format: Printed Book
Sprog:English
Udgivet: തിരുവനന്തപുരം : കേരള ഭാഷാ ഇന്‍സ്റ്റിറ്റ്യൂട്ട്, 2017.
Udgivelse:1st ed.
Fag:
LEADER 00906nam a22001937a 4500
008 190720b xxu||||| |||| 00| 0 eng d
999 |c 26800  |d 26800 
020 |a 9788120042261 
082 |a R 491.103  |b VIS 
100 |a വിഷ്ണുനമ്പൂതിരി, എം. വി. 
240 |a Nambhoothiri bhashanighandu 
245 |a നമ്പൂതിരി ഭാഷാനിഘണ്ടു /  |c എം. വി. വിഷ്ണുനമ്പൂതിരി 
250 |a 1st ed. 
260 |a തിരുവനന്തപുരം :  |b കേരള ഭാഷാ ഇന്‍സ്റ്റിറ്റ്യൂട്ട്,  |c 2017. 
300 |a 390p. 
650 |a Dictionary 
700 |a Vishnunamboothir, M. V. 
942 |2 ddc  |c BK 
952 |0 0  |1 0  |2 ddc  |4 0  |5 1  |6 R_491_103000000000000_VIS  |7 0  |9 36722  |a MAIN  |b MAIN  |d 2019-07-20  |e Kerala Bhasha Institute  |g 200.00  |o R 491.103 VIS  |p 35220  |r 2019-07-20  |t 1  |w 2019-07-20  |y REF